Východiská a riešenia nezamestnanosti v okrese Revúca bakalárska práca

Saved in:
Bibliographic Details
Main Author: Lábajová, Soňa
Corporate Author: Podnikovohospodárska fakulta EU so sídlom v Košiciach. Katedra ekonómie
Other Authors: Pétrová, Rozália
Format: Book
Language:Slovak
Published: Košice 2009
Tags: Add Tag
No Tags, Be the first to tag this record!

MARC

LEADER 00000nam$a2200000$$$4500
001 0106231
005 20240827093226.8
041 0 |a slo 
044 |a SK 
245 1 0 |a Východiská a riešenia nezamestnanosti v okrese Revúca  |b bakalárska práca  |c Soňa Lábajová ; škol. Rozália Pétrová 
264 1 |a Košice  |c 2009 
300 |a 56 s. 
100 1 |a Lábajová, Soňa 
700 1 |a Pétrová, Rozália 
710 2 |a Podnikovohospodárska fakulta EU so sídlom v Košiciach. Katedra ekonómie